Cena - hodnota - model

Uložené v:
Podrobná bibliografia
Hlavný autor: Drozen, František
Korporativný autor: Vysoká škola ekonomická v Praze. Fakulta mezinárodních vztahů
Médium: Kniha
Jazyk:Czech
Vydavateľské údaje: Praha Nakladatelství VŠE - OECONOMICA 2003
Predmet:
Tagy: Pridať tag
Žiadne tagy, Buďte prvý, kto otaguje tento záznam!

MARC

LEADER 00000nam$a2200000$$$4500
001 0007769
005 20230113120037.9
020 |a 80-245-0501-0 
041 0 |a cze 
044 |a CZ 
245 1 0 |a Cena - hodnota - model  |c František Drozen 
264 1 |a Praha  |b Nakladatelství VŠE - OECONOMICA  |c 2003 
300 |a 126 s. 
610 2 0 |a ceny 
610 2 0 |a hodnota 
610 2 0 |a modely 
610 2 0 |a oceňovanie 
610 2 0 |a odhady 
610 2 0 |a ceny priemerné 
610 2 0 |a modely cenové 
610 2 0 |a modelovanie matematické 
610 2 0 |a modelovanie 
610 2 0 |a modely matematické 
610 2 0 |a modely nelineárne 
610 2 0 |a modely regresné 
610 2 0 |a politika cenová 
100 1 |a Drozen, František 
710 2 |a Vysoká škola ekonomická v Praze. Fakulta mezinárodních vztahů